01544nam a2200385Ia 4500001000900000003000500009005001700014008004100031010001100072020001800083040000900101082002300110100003900133245010700172260003200279300001100311500005000322503001500372504002700387590002100414650004600435650003500481650003300516650003900549650003600588650003300624901002300657902000600680905006300686942001500749999001900764952012700783952012400910952012401034dia_6571CHAP20251027153541.0220117s1986 xx 000 0 und d a177554 a968-18-1937-3 cCHAP a660.28423 V35 1986 aValiente Barderas, Antonio9117552 aProblemas de balance de materia y energía en la industria alimentaria /c Antonio Valiente Barderas aMéxico :b Limusa,c1986 a309 p. aLos ejemplares 2 y 3 son material fotocopiado aC/e (ej.1) aBibliografía: p. 309 aTP155.7 V35 1986 aBalance de calor (Ingeniería) 9150864 aChemical engineering 9147048 aChemical processes 9150865 aHeat balance (Engineering)9150866 aIngeniería química 958271 aProcesos químicos 991828 a660.28423 V35 1986 aA a5232271986 mx aimn8222223322spa16 cLIBRO2ddc c177554d177554 00102ddc40708GRALaIA_bIA_c1d2022-01-18f1l9m9pdia_004031r2025-02-19 15:00:31s2025-02-19t3w2022-01-18yLIBRO 00102ddc40708GRALaIA_bIA_c1d2022-01-18f1l2pdia_004495r2024-02-27 00:00:00s2024-02-27t1w2022-01-18yLIBRO 00102ddc40708GRALaIA_bIA_c1d2022-01-18f1l9pdia_004030r2024-10-30 14:57:28s2024-10-24t2w2022-01-18yLIBRO